000 00491cam a2200193ua 4500
001 4012
005 20260515113753.0
008 111213n ii |||gr||||Z||||||asm
040 _cMAIN
082 _a891.4511
100 _aSaikia, Nagen,
245 1 1 _aAsamiya kavita aru anyanya bisay
_cby Nagen Saikia
250 _a1st.
260 _aGuwahati:
_bChandra prakash,996.
300 _a123p:
_c23cm.
653 _aAssamese poetry
653 _aAsamiya kavita aru anyanya bisay
942 _cBK
999 _c3832
_d3832